|
|
|
|
| LEADER |
00000cam a2200000 a 4500 |
| 001 |
vtls010304176 |
| 003 |
SK-MaSNL |
| 005 |
20260301032013.0 |
| 008 |
240318s2011 xo o 000 0 eng |
| 015 |
|
|
|a SNBA2011/10-05542
|
| 020 |
|
|
|a 9788089462056
|q (viaz.)
|
| 035 |
|
|
|a CDCAB674-28D4-463E-8EC0-57AE29B8280B
|
| 035 |
|
|
|a urn:nbn:sk:snk-aml1o4
|
| 035 |
|
|
|a urn:nbn:sk:snk-am008n9y
|
| 040 |
|
|
|a SNK
|b slo
|c SNK
|e AACR2
|
| 041 |
0 |
|
|a eng
|
| 043 |
|
|
|a e-xo---
|
| 044 |
|
|
|a xo
|c SK
|
| 072 |
|
7 |
|a 796
|x Šport. Hry. Telesné cvičenia
|2 konspekt
|
| 080 |
|
|
|a 796.332
|2 2001
|
| 080 |
|
|
|a (437.6)
|2 2001
|
| 080 |
|
|
|a (048.8)
|2 2001
|
| 080 |
|
|
|a 796.332:061
|2 2001
|
| 100 |
1 |
|
|a Bellan, Stanislav,
|d 1962-
|4 aut
|9 217219
|
| 245 |
1 |
0 |
|a FK Senica trip to Europe
|b Since 1921
|c [texts Stanislav Bellan ; photographs Marián Brázda ... [et al.]]
|
| 250 |
|
|
|a [1st ed.]
|
| 260 |
|
|
|a Senica
|b RECO
|c c2011
|
| 300 |
|
|
|a 84 s.
|b fareb. fotogr.
|c 29 cm
|
| 610 |
2 |
7 |
|a FK Senica
|2 SNKKA
|9 328517
|
| 648 |
|
7 |
|a 20.-21. stor.
|2 SNKPH
|9 270701
|
| 648 |
|
7 |
|a 20th-21st centuries
|2 SNKPHeng
|9 285312
|
| 650 |
0 |
7 |
|a futbal
|x dejiny
|2 SNKPH
|9 304297
|
| 650 |
0 |
7 |
|a Footbal
|x history
|2 SNKPHeng
|9 328518
|
| 650 |
0 |
7 |
|a Soccer clubs
|2 SNKPHeng
|9 313583
|
| 650 |
0 |
7 |
|a futbalové kluby
|2 SNKPH
|9 70395
|
| 651 |
|
7 |
|a Senica (Slovensko)
|2 SNKPH
|9 25102
|
| 651 |
|
7 |
|a Senica (Slovakia)
|2 SNKPHeng
|9 328519
|
| 655 |
|
7 |
|a jubilejné publikácie
|2 SNKPH
|9 70339
|
| 655 |
|
7 |
|a Jubilee works
|2 SNKPHeng
|9 326841
|
| 700 |
1 |
|
|a Brázda, Marián
|4 pht
|9 12856
|
| 852 |
|
|
|a Štátna vedecká knižnica v Banskej Bystrici
|
| 919 |
|
|
|a 978-80-89462-05-6
|
| 958 |
|
|
|a OND
|
| 968 |
|
|
|d 793/799
|
| 999 |
|
|
|c 577648
|d 579578
|
| 952 |
|
|
|a SNK
|b SNK
|y PREZ
|7 0
|p 17A0720273
|o snkSB 82030
|i snk2011/20671
|8 0
|0 0
|1 0
|4 0
|d 2011-10-05
|f 1
|l 0
|r 2025-05-06 00:00:00
|w 2026-02-23
|
| 952 |
|
|
|a SNK
|b SNK
|y VYP
|7 0
|p 17A0720338
|o snkSB 82030 D1
|i snk2011/20672
|8 0
|0 0
|1 0
|4 0
|d 2011-10-05
|l 0
|r 2016-06-30 00:00:00
|w 2026-02-23
|